1091 1898 1225 1663 1192 1449 1832 1376 1022 1326 1003 1330 1262 1417 1209 1833 1217 1361 1920 1735 1348 1517 1796 1622 1067 1965 1166 1766 1206 1027 1398 1716 1590 1058 1101 1621 1978 1630 1030 1591 1200 1170 1851 1796 1119 1473 1684 1132 1266 1783 1984 1818 1542 1734 1701 1672 1880 1268 1779 1787 1888 1415 1449 1845 1738 1083 1032 1683 1349 1146 1742 1951 1660 1351 1282 1335 1398 1742 1297 1562 1214 1757 1547 1821 1856 1946 1785 1218 1115 1883 1709 1568 1969 1955 1896 1300 1162 1357 1496 BCNSPRNW ULIB Ver.6.0+V

เปลี่ยนเป็นภาษาไทย

Change to English
 แสดงรายละเอียดบรรณานุกรม
  กลับหน้าหลัก

Brief Record : Get Marc (ISO 2709) : E-mail record : QR code < ปิดหน้าต่าง
LEADER : 00000nam 2200000uu 4500
001    13399121268
003     ULIB
008    121113s2550||||th 000 0 tha d
020    ^a9749698940
050  4 ^aPE1130.T5^bร951ภ
100 1  ^aไรท์, คริสโตเฟอร์
245 10 ^aCross-culture ฝรั่งไม่เข้าใจ คนไทยไม่เก็ท /^cChristopher Wright
246 30 ^aฝรั่งไม่เข้าใจ คนไทยไม่เก็ท
250    ^aพิมพ์ครั้งที่ 8
260    ^aกรุงเทพฯ :^bเนชั่นบุ๊คส์ อินเตอร์เนชั่นแนล,^c2550
300    ^a206 หน้า :^bภาพประกอบ ;^c21 ซม.
650  4 ^aการสื่อสารระหว่างวัฒนธรรม
700 1  ^aWright, Christopher
945    ^p175^l0^i14142
995    ^aวิภา
999 ^a ศิริพร
รายการนี้ยังไม่มีแท็ก
คุณยังไม่ได้ล็อกอิน คุณสามารถมีกิจกรรมร่วมกับเว็บไซต์ได้ แต่ต้องล็อกอินก่อน ::
  ล็อกอิน

รายการสื่อสารสนเทศ

ลำดับที่ ประเภท เลขเรียก/บาร์โค้ด สถานที่ สถานะ
1. วิทยาศาสตร์การแพทย์ และสุขภาพ
วิทยาศาสตร์การแพทย์ และสุขภาพ
PE1130.T5 ร951ภ  
  Barcode: 14142
ห้องสมุดวิทยาเขตสวรรค์ประชารักษ์
►หนังสือทั่วไป
บนชั้น

รายการใกล้เคียง
    ผู้แต่ง [ไรท์, คริสโตเฟอร์]

    หัวเรื่อง [การสื่อสารระหว่างวัฒนธรรม]

BibComment


ยังไม่เคยถูกคอมเมนท์

คอมเมนท์ทรัพยากรรายการนี้
  คอมเมนท์: Crossculture ฝรั..


 Copyright 2026. Bcnsprnw @Library